=LDR 00000nam 2200000 4500 =001 INLIS000000000034424 =005 20130612140331 =008 ***********************************ind** =035 ##$$a0010-061300000034424 =041 ##$$a ind =082 ##$$a 813 =090 ##$$a 813, Shi k =100 ##$$a Shirazy, Habiburrahman =245 ##$$a Ketika cinta bertasbih buku 1,2 : Dwilogi pembangunan jiwa/oleh Habiburrahman El-Shirazy =260 ##$$a 2008 $b Jakarta =300 ##$$a 477 hlm, Ilus., 21 cm =650 ##$$a Fiksi Indonesia =850 ##$$a NBPNMAT =990 ##$$a 92293/BPAP-NTB/2014